Estadísticas para Jugadores con más partidos en el Girona F. C.

Haz click aquí para intentar la prueba.

Estadísticas generales

  • Esta prueba ha sido intentada 17 veces
  • La puntuación promedio es 3 de 10

Estadísticas de respuestas

PartidosNacionaliadJugador% Correcto
244UruguayCristhian Stuani
100%
233EspañaBorja García
46%
243EspañaJuanpe
38%
232EspañaÁlex Granell
31%
211EspañaPere Pons
23%
191Angola / EspañaJonás Ramalho
15%
175EspañaJosé
8%
199EspañaAday Beníte
0%
175EspañaJandro Castro
0%
231EspañaMigue
0%

Distribución de puntuación

Porcentaje por número respondido

Porcentaje de gente con cada puntuación

Historial de tus puntuaciones

No has intentado esta prueba.